000 00424nam a2200133Ia 4500
008 220216s9999 xx 000 0 und d
100 _aAdhikari Basudam
245 0 _aReclaiming of rubber by a renewable resource material
260 _bPapers presented at the IRMRA 18th Rubber Conference, Mumbai, January 20-21, 2000. p211-236
650 _aReclaiming
700 _aDe Debapriya
700 _aMaiti Sukumar
942 _cJS
999 _c66524
_d66524